Practice Workbook in Applied Anatomy & Physiology (Record no. 1705)

MARC details
000 -LEADER
Fixed length control field 00617nam a22002297a 4500
003 - CONTROL NUMBER IDENTIFIER
Control field IIN
005 - DATE AND TIME OF LATEST TRANSACTION
Control field 20250326124206.0
008 - FIXED-LENGTH DATA ELEMENTS--GENERAL INFORMATION
Fixed length control field 250326b |||adc|| |||| 000 0 eng d
020 ## - INTERNATIONAL STANDARD BOOK NUMBER / ISBN
International Standard Book Number 9789356968622
040 ## - CATALOGING SOURCE
Original cataloging agency IIN
082 ## - DEWEY DECIMAL CLASSIFICATION NUMBER
Classification number 612
Book Number ASH
100 ## - MAIN ENTRY--PERSONAL NAME
Personal name Ashalatha, PR
245 ## - TITLE STATEMENT
Title Practice Workbook in Applied Anatomy & Physiology
Statement of responsibility PR Ashalatha and G Deepa
246 ## - VARYING FORM OF TITLE
Title proper/short title Textbook of Applied Anatomy & Physiology for Nurses (7th ed.)
250 ## - EDITION STATEMENT
Edition statement 4th ed.
260 ## - IMPRINT
Place of publication New Delhi
Name of publisher Jaypee
Date of publication 2024
300 ## - PHYSICAL DESCRIPTION
Page / Vol. No 170 p.
Other physical details ill.
650 ## - SUBJECT ADDED ENTRY--TOPICAL TERM
Topical term Anatomy
650 ## - SUBJECT ADDED ENTRY--TOPICAL TERM
Topical term Physiology
700 ## - ADDED ENTRY--PERSONAL NAME
Personal name Deepa, G
942 ## - ADDED ENTRY ELEMENTS (KOHA)
Koha item type Books
Holdings
Withdrawn status Lost status Source of classification Damaged status Not for loan Collection code Home library Current library Shelving location Date acquired Price Total Checkouts Call number Accession number Date last seen Price effective from Koha item type
    Dewey Decimal Classification     Purches Book(set price) IDEAL INSTITUTE OF NURSING IDEAL INSTITUTE OF NURSING General Stacks 11/03/2025 1425.00   612 ASH 1817 26/03/2025 26/03/2025 Books
© Ideal Institute Of Nursing, All rights reserved.         Powered by Koha